000 00616cam a22002173a 4500
001 36118
003 PGUSA
005 20140828083759.0
008 110515s2011||||xxu|||||s|||||000 | eng d
040 _aPGUSA
_beng
042 _adc
100 1 _aBoothby, Guy,
_d1867-1905
245 1 2 _aA Crime of the Under-seas
_h[electronic resource] /
_cGuy Boothby
260 _bProject Gutenberg,
_c2011
506 _aPublic domain in the USA.
516 _aElectronic text
700 1 _aWood, Stanley L.,
_d1866-1928
830 0 _aProject Gutenberg
_v36118
856 4 0 _uhttp://www.gutenberg.org/ebooks/36118
942 _cEB
999 _c265373
_d265373